आधार / (Record no. 15539)

MARC details
000 -LEADER
fixed length control field 01367nam a22002777a 4500
005 - DATE AND TIME OF LATEST TRANSACTION
control field 2008092209489.0
008 - FIXED-LENGTH DATA ELEMENTS--GENERAL INFORMATION
fixed length control field 080922t xxu||||| |||| 00| f hin d
010 ## - LCCN (DPL NO)
LC control number HIN-84147
020 ## - INTERNATIONAL STANDARD BOOK NUMBER
Terms of availability 190.00
035 ## - SYSTEM CONTROL NUMBER
System control number HN-56493
037 ## - SOURCE OF ACQUISITION
Source of stock number/acquisition DBAD / PUB
040 ## - CATALOGING SOURCE
Original cataloging agency DPL
Language of cataloging HN
082 ## - DEWEY DECIMAL CLASSIFICATION NUMBER
Classification number
100 ## - MAIN ENTRY--PERSONAL NAME
Personal name भैरप्पा, एस. एल.
245 ## - TITLE STATEMENT
Title आधार /
Statement of responsibility, etc एस. एल. भैरप्पा; बी.आर. नारायण द्वारा अनुदित
246 ## - VARYING FORM OF TITLE
Title proper/short title Aadhaara
Remainder of title by S. L. Bhairppa
260 ## - PUBLICATION, DISTRIBUTION, ETC. (IMPRINT)
Place of publication, distribution, etc नयी दिल्ली
Name of publisher, distributor, etc किताबघर प्रकाशन
Date of publication, distribution, etc 2008
270 ## - ADDRESS
Address 4855-56/24, अंसारी रोड, दरियागंज
City नयी दिल्ली
Postal code 110002
300 ## - PHYSICAL DESCRIPTION
Extent 240पृ.
Dimensions 18सेमी(सजिल्द)
500 ## - GENERAL NOTE
General note कन्नङ का बहुचर्चित विख्यात उपन्यास
650 ## - SUBJECT ADDED ENTRY--TOPICAL TERM
Topical term or geographic name as entry element कन्नङ कथा साहित्य
General subdivision हिन्दी अनुवाद
650 ## - SUBJECT ADDED ENTRY--TOPICAL TERM
Topical term or geographic name as entry element Kannada fiction
General subdivision Translations into Hindi
700 ## - ADDED ENTRY--PERSONAL NAME
Personal name नारायण, बी.आर.
942 ## - ADDED ENTRY ELEMENTS (KOHA)
Source of classification or shelving scheme Dewey Decimal Classification
Item type Hindi Books
Classification part
Call number suffix भैरप्पा
Holdings
Withdrawn status Lost status Source of classification or shelving scheme Damaged status Not for loan Home library Current library Date acquired Source of acquisition Cost, normal purchase price Total Checkouts Full call number Barcode Date last seen Copy number Cost, replacement price Koha item type
    Dewey Decimal Classification   Not For Loan D.B.Act.Division D.B.Act.Division 22/09/2008 DBAD/PUB 190.00   उ भैरप्पा HN-56493 22/09/2008 1 190.00 Hindi Books

© Delhi Public Library
Hit Counter
free hit counter